[Event "CRO-chT2 West"]
[Site "Rijeka"]
[Date "2012.03.18"]
[Round "2.31"]
[White "Zelenika, Srdjan"]
[Black "Fucak, Emilijo"]
[Result "1/2-1/2"]
[WhiteElo "2316"]
[BlackElo "2196"]
[PlyCount "72"]
[EventDate "2012.03.17"]
[EventType "team-tourn"]
[EventRounds "9"]
[EventCountry "CRO"]
[SourceTitle "EXT 2013"]
[Source "ChessBase"]
[SourceDate "2012.11.22"]
[SourceVersion "1"]
[SourceVersionDate "2012.11.22"]
[SourceQuality "1"]

1. e4 e6 2. d4 d5 3. Nd2 Be7 4. c3 c5 5. dxc5 Bxc5 6. Nb3 Bb6 7. exd5 Nf6 8. Bb5+ Bd7 9. Bxd7+ Qxd7 10. Nf3 Qxd5 11. Qxd5 Nxd5 12. a3 Nc6 13. 0-0 e5 14. Re1 f6 15. Nfd4 Nde7 16. Nxc6 Nxc6 17. Be3 Bxe3 18. fxe3 Ke7 19. e4 b6 20. Rad1 Rhd8 21. Kf2 g6 22. g4 Rh8 23. Rg1 Rad8 24. Rxd8 Nxd8 25. Nc1 Ne6 26. Nd3 a5 27. h4 g5 28. hxg5 Nxg5 29. Ke3 h5 30. gxh5 Rxh5 31. Nf2 Rh4 32. Rh1 Rf4 33. Rh8 Rf3+ 34. Ke2 Rf4 35. Ke3 Rf3+ 36. Ke2 Rf4 1/2-1/2

[Event "CRO-chT2 West"]
[Site "Rijeka"]
[Date "2012.03.17"]
[Round "1.31"]
[White "Jurkovic, Ante"]
[Black "Zelenika, Srdjan"]
[Result "1-0"]
[WhiteElo "2352"]
[BlackElo "2316"]
[PlyCount "163"]
[EventDate "2012.03.17"]
[EventType "team-tourn"]
[EventRounds "9"]
[EventCountry "CRO"]
[SourceTitle "EXT 2013"]
[Source "ChessBase"]
[SourceDate "2012.11.22"]
[SourceVersion "1"]
[SourceVersionDate "2012.11.22"]
[SourceQuality "1"]

1. e4 c5 2. Nf3 Nc6 3. d4 cxd4 4. Nxd4 Nf6 5. Nc3 e5 6. Ndb5 d6 7. Bg5 a6 8. Na3 b5 9. Nd5 Be7 10. Bxf6 Bxf6 11. c3 Ne7 12. Nc2 Bb7 13. Ncb4 Nxd5 14. Nxd5 0-0 15. g3 Bg5 16. h4 Bh6 17. Bg2 a5 18. 0-0 Rb8 19. Qd3 b4 20. c4 Rc8 21. b3 Rc5 22. Ne3 Bxe3 23. Qxe3 Qc7 24. Rad1 h6 25. Rd3 Ra8 26. Rfd1 Ra6 27. Qd2 Rcc6 28. Kh2 Bc8 29. Bh3 Be6 30. Bxe6 fxe6 31. Qe2 Qe7 32. R1d2 Kf7 33. c5 Kg8 34. cxd6 Rxd6 35. Qd1 Rxd3 36. Rxd3 Ra7 37. Kg2 Kh7 38. Qh5 Qc5 39. Rd8 Re7 40. Qf3 Rc7 41. h5 Qe7 42. Ra8 Ra7 43. Qf8 Qxf8 44. Rxf8 g5 45. Re8 Ra6 46. Re7+ Kg8 47. Kf3 Rc6 48. Ra7 Rc5 49. Ke3 g4 50. Kd2 Rc3 51. Rxa5 Rf3 52. Ke2 Rc3 53. Rxe5 Kf7 54. Rb5 Kf6 55. Rxb4 Rc2+ 56. Ke3 Rxa2 57. Rb8 Rb2 58. Kd4 Rd2+ 59. Kc3 Re2 60. Rg8 Rxe4 61. Rg6+ Kf7 62. Rxh6 Re2 63. Rg6 Rxf2 64. Rxg4 Rh2 65. Rh4 Rg2 66. Rf4+ Kg7 67. g4 e5 68. Re4 Kf6 69. b4 Ke6 70. Kc4 Rc2+ 71. Kd3 Rh2 72. b5 Rb2 73. Kc4 Rb1 74. h6 Rc1+ 75. Kb4 Kd5 76. Re2 Rc4+ 77. Ka5 Rxg4 78. Rh2 Rg8 79. h7 Rh8 80. Ka6 e4 81. b6 e3 82. b7 1-0

[Event "CRO-chT1B 20th"]
[Site "Sibenik"]
[Date "2011.10.12"]
[Round "9.2"]
[White "Zelenika, Srdjan"]
[Black "Franic, Milan"]
[Result "1/2-1/2"]
[WhiteElo "2320"]
[BlackElo "2379"]
[PlyCount "121"]
[EventDate "2011.10.04"]
[EventType "team-tourn"]
[EventRounds "9"]
[EventCountry "CRO"]
[SourceTitle "CBM 144 Extra"]
[Source "ChessBase"]
[SourceDate "2011.10.28"]
[SourceVersion "1"]
[SourceVersionDate "2011.10.28"]
[SourceQuality "1"]
[WhiteTeam "Rijeka II"]
[BlackTeam "Pula"]
[WhiteTeamCountry "CRO"]
[BlackTeamCountry "CRO"]

1. e4 c6 2. d4 d5 3. Nc3 g6 4. e5 Bg7 5. f4 h5 6. Nf3 Bg4 7. Be3 Nd7 8. Bd3 e6 9. h3 Bxf3 10. Qxf3 h4 11. Bf2 Nh6 12. 0-0 Bf8 13. Ne2 Be7 14. b3 Nf5 15. c4 Ba3 16. Rab1 a5 17. Rfd1 Nb8 18. Nc3 Na6 19. Bf1 Kf8 20. Rd2 Kg7 21. Rbd1 Bb4 22. Rc2 Be7 23. Na4 Nb4 24. Rb2 b6 25. Qc3 Qb8 26. a3 Na6 27. cxd5 cxd5 28. b4 axb4 29. axb4 Rc8 30. Qd2 Qb7 31. Rdb1 Nb8 32. Bb5 Nc6 33. Nc3 Ra3 34. Ne2 Na7 35. Bd3 b5 36. Ra2 Rxa2 37. Qxa2 Nc6 38. Qd2 Ra8 39. Bxf5 gxf5 40. Nc1 Ra3 41. Qe1 Qa7 42. Ne2 Rd3 43. Kf1 Qa2 44. Ra1 Qb2 45. Rb1 Qd2 46. Bxh4 Qxe1+ 47. Bxe1 Nxd4 48. Nxd4 Rxd4 49. g3 Rc4 50. Ke2 f6 51. exf6+ Kxf6 52. Kd3 Bd6 53. Bd2 e5 54. fxe5+ Bxe5 55. Rg1 Bd6 56. g4 Bxb4 57. Rf1 Bxd2 58. Rxf5+ Ke6 59. Kxd2 b4 60. Rf8 Rc3 61. Rb8 1/2-1/2

[Event "CRO-chT1B 20th"]
[Site "Sibenik"]
[Date "2011.10.11"]
[Round "8.4"]
[White "Filipovic, Branko"]
[Black "Zelenika, Srdjan"]
[Result "1-0"]
[WhiteElo "2403"]
[BlackElo "2320"]
[PlyCount "119"]
[EventDate "2011.10.04"]
[EventType "team-tourn"]
[EventRounds "9"]
[EventCountry "CRO"]
[SourceTitle "CBM 144 Extra"]
[Source "ChessBase"]
[SourceDate "2011.10.28"]
[SourceVersion "1"]
[SourceVersionDate "2011.10.28"]
[SourceQuality "1"]
[WhiteTeam "Sibenik"]
[BlackTeam "Rijeka II"]
[WhiteTeamCountry "CRO"]
[BlackTeamCountry "CRO"]

1. e4 c5 2. d3 Nc6 3. g3 g6 4. Bg2 Bg7 5. f4 e6 6. Nf3 Nge7 7. 0-0 0-0 8. c3 f5 9. Be3 b6 10. Na3 d5 11. e5 Bb7 12. Nc2 Qd7 13. Bf2 h6 14. b4 cxb4 15. cxb4 b5 16. Bc5 Rfd8 17. d4 Nc8 18. Nfe1 Nb6 19. Bxb6 axb6 20. a3 Rdc8 21. g4 Ne7 22. h3 Qe8 23. Rf3 Bc6 24. Ne3 Bd7 25. gxf5 gxf5 26. Rg3 Qf7 27. Bf3 Be8 28. Qd2 Kh7 29. N1g2 Rc7 30. Kh2 Bf8 31. Be2 Rca7 32. Nc2 Rc8 33. Rg1 Rac7 34. Nge1 Ra8 35. Bd3 Rac8 36. R1g2 Ra8 37. Qe2 Rc4 38. Ne3 Kh8 39. Nxc4 dxc4 40. Bb1 Bc6 41. Rg1 Bd5 42. Ng2 Nc6 43. Nh4 Nxd4 44. Qd1 Nc6 45. Bxf5 exf5 46. Ng6+ Kh7 47. Nxf8+ Rxf8 48. Rg7+ Qxg7 49. Rxg7+ Kxg7 50. Qxd5 Ne7 51. Qd6 Kf7 52. Qf6+ Ke8 53. Qxb6 Kf7 54. Qf6+ Ke8 55. Qd6 Kf7 56. Qxh6 Rg8 57. e6+ Ke8 58. Qh5+ Rg6 59. Qh8+ Rg8 60. Qd4 1-0